| 000 | 00674cab a2200229 4500 | ||
|---|---|---|---|
| 001 | X91787 | ||
| 008 | 090401t1998 xxu||||| |||| 00| 0 eng d | ||
| 035 | _a(Sirsi) u86290 | ||
| 041 | _aeng | ||
| 100 | _aHolman, J. | ||
| 245 | _aUse risk management to anticipate terrorism | ||
| 260 | _c1998 | ||
| 350 | _a0 | ||
| 490 |
_aCSM _bChartered Surveyor Monthly _v7(8) May 1998, 42-43(2) |
||
| 520 | _aLooks at the practicalities of including anti-terrorist measures in the design and management of buildings. | ||
| 650 | _aBOMB DAMAGE | ||
| 650 | _aEXPLOSIONS | ||
| 650 | _aTERRORISM | ||
| 690 | _aCOMMERCIAL PROPERTY-MANAGEMENT | ||
| 942 | _n0 | ||
| 948 | _c19/05/1998 | ||
| 999 |
_c54291 _d54291 |
||